Movies Quiz

Random Movies or Actor Quiz
Score 0/20 Timer 05:00
0 Plays Today
Question Answer Wrong Answers
Black Swan Natalie Portman
94.2%
Mila Kunis
3%
Vincent Cassel
0.5%
Barbara Hershey
0.6%
The Matrix Keanu Reeves
89.8%
Laurence Fishburne
4.5%
Carrie-Anne Moss
0.5%
Hugo Weaving
3.5%
Julie & Julia Meryl Streep
87.3%
Amy Adams
8.2%
Stanley Tucci
1.2%
Chris Messina
0.7%
Dr. Strangelove or: How I Learned to Stop Worrying and Love the Bomb Peter Sellers
76.4%
Keenan Wynn
2.4%
Sterling Hayden
4.7%
George C. Scott
15.9%
The Towering Inferno Steve McQueen
71.7%
Faye Dunaway
8.3%
Susan Blakely
9.2%
William Holden
9%
Bridesmaids Kristen Wiig
70.2%
Maya Rudolph
2.9%
Rose Byrne
2.7%
Melissa McCarthy
20.8%
The Godfather: Part II Al Pacino
65.1%
Robert De Niro
29.6%
Diane Keaton
0.3%
Robert Duvall
2.1%
The Royal Tenenbaums Gene Hackman
60.7%
Ben Stiller
22.8%
Anjelica Huston
5.8%
Gwyneth Paltrow
9.9%
Divergent Shailene Woodley
56%
Theo James
3.6%
Kate Winslet
34.7%
Miles Teller
4.5%
Gosford Park Maggie Smith
56%
Michael Gambon
15.8%
Kristin Scott Thomas
20.3%
Camilla Rutherford
4.7%
No Country for Old Men Tommy Lee Jones
55.6%
Javier Bardem
20.2%
Josh Brolin
16.9%
Woody Harrelson
4.1%
Apocalypse Now Marlon Brando
52.5%
Martin Sheen
32.5%
Robert Duvall
9.6%
Laurence Fishburne
3.2%
Gangs of New York Leonardo DiCaprio
50.8%
Daniel Day-Lewis
43.8%
Cameron Diaz
1%
Jim Broadbent
0.7%
Good Will Hunting Matt Damon
49.7%
Minnie Driver
0.5%
Ben Affleck
5.2%
Robin Williams
42.2%
American Hustle Christian Bale
44.4%
Bradley Cooper
38%
Amy Adams
2.7%
Jennifer Lawrence
11.3%
Notes on a Scandal Judi Dench
42.9%
Cate Blanchett
37.4%
Bill Nighy
9.6%
Juno Temple
5.6%
Se7en Morgan Freeman
29.3%
Kevin Spacey
5.7%
Brad Pitt
61.6%
Gwyneth Paltrow
1.3%
Fight Club Edward Norton
25.7%
Brad Pitt
70.5%
Meat Loaf
0.4%
Zach Grenier
0.4%
Love Actually Bill Nighy
14.2%
Colin Firth
40.4%
Emma Thompson
25.8%
Keira Knightley
16.2%
Pulp Fiction Tim Roth
8%
John Travolta
75.3%
Amanda Plummer
2.9%
Uma Thurman
10.2%
Remove Ads.
Support Sporcle.
Get the best of Sporcle when you Go Orange. This ad-free experience offers more features, more stats, and more fun while also helping to support Sporcle. Thank you for becoming a member.

You're not logged in!

Compare scores with friends on all Sporcle quizzes.
OR
Log In

Show Comments

Extras

Top Quizzes Today


Score Distribution

Your Account Isn't Verified!

In order to create a playlist on Sporcle, you need to verify the email address you used during registration. Go to your Sporcle Settings to finish the process.

Report this User

Report this user for behavior that violates our Community Guidelines.

Details: